000
00299nam a22001337a 4500
008
181105b xxu||||| |||| 00| 0 eng d
020
_a
0030623294
041
_a
eng
080
_2
4 TH
_a
331.101
100
_a
52
101
_a
BNJ
245
_a
Understanding Behavior
_c
Jmaes.V.M
942
_2
udc
_c
BK
999
_c
51815
_d
51815